Vincent van Gogh / (Record no. 7217)

MARC details
000 -LEADER
fixed length control field 01306cam a22003734i 4500
001 - CONTROL NUMBER
control field 7217
003 - CONTROL NUMBER IDENTIFIER
control field FISKH
005 - DATE AND TIME OF LATEST TRANSACTION
control field 20250703085752.0
008 - FIXED-LENGTH DATA ELEMENTS--GENERAL INFORMATION
fixed length control field 140416s2015 nyua j 001 0deng
010 ## - LIBRARY OF CONGRESS CONTROL NUMBER
LC control number 2014014732
020 ## - INTERNATIONAL STANDARD BOOK NUMBER
International Standard Book Number 9780531219782
Qualifying information library binding
020 ## - INTERNATIONAL STANDARD BOOK NUMBER
International Standard Book Number 9780531225394
Qualifying information pbk.
040 ## - CATALOGING SOURCE
Original cataloging agency DLC
Language of cataloging eng
Description conventions rda
Transcribing agency DLC
050 ## - LIBRARY OF CONGRESS CALL NUMBER
Classification number ND653.G7 V46
082 ## - DEWEY DECIMAL CLASSIFICATION NUMBER
Classification number 759.9492
100 1# - MAIN ENTRY--PERSONAL NAME
Personal name Venezia, Mike,
Relator term author,
-- illustrator.
245 10 - TITLE STATEMENT
Title Vincent van Gogh /
Statement of responsibility, etc. written and illustrated by Mike Venezia.
260 ## - PUBLICATION, DISTRIBUTION, ETC.
Place of publication, distribution, etc. New York :
Name of publisher, distributor, etc. Scholastic,
Date of publication, distribution, etc. 2015.
300 ## - PHYSICAL DESCRIPTION
Extent 32 pages :
Other physical details colored illustrations ;
Dimensions 25 cm.
336 ## - CONTENT TYPE
Content type term text
Content type code txt
Source rdacontent
337 ## - MEDIA TYPE
Media type term unmediated
Media type code n
Source rdamedia
338 ## - CARRIER TYPE
Carrier type term volume
Carrier type code nc
Source rdacarrier
490 0# - SERIES STATEMENT
Series statement Getting to know the world's greatest artists
500 ## - GENERAL NOTE
General note Includes index.
505 ## - FORMATTED CONTENTS NOTE
Formatted contents note P<br/>
520 ## - SUMMARY, ETC.
Summary, etc. Briefly examines the life and work of the nineteenth-century Dutchman who was one of the greatest artists of all time.<br/>
521 8# - TARGET AUDIENCE NOTE
Target audience note 620<br/>
Source Lexile <br/>
521 8# - TARGET AUDIENCE NOTE
Target audience note P<br/>
Source Raz-Plus<br/>
600 10 - SUBJECT ADDED ENTRY--PERSONAL NAME
Personal name Gogh, Vincent van,
Dates associated with a name 1853-1890
Form subdivision Juvenile literature.
655 #7 - INDEX TERM--GENRE/FORM
Genre/form data or focus term Literature.
Source of term lcgft
Authority record control number or standard number https://id.loc.gov/authorities/genreForms/gf2014026415
906 ## - LOCAL DATA ELEMENT F, LDF (RLIN)
a 7
b cbc
c orignew
d 1
e ecip
f 20
g y-gencatlg
942 ## - ADDED ENTRY ELEMENTS (KOHA)
Source of classification or shelving scheme Dewey Decimal Classification
Koha item type Books
Suppress in OPAC No
Holdings
Withdrawn status Lost status Source of classification or shelving scheme Damaged status Not for loan Collection Home library Current library Shelving location Date acquired Total Checkouts Full call number Barcode Date last seen Copy number Price effective from Koha item type
    Dewey Decimal Classification     Khmer-English Bilingual / ភាសាខ្មែរ-អង់គ្លេស Footprints International School Library Network Toul Kork Campus Footprints International School Library Network Toul Kork Campus TK Primary Library Room(4th Floor), Bookcase 3&4, Shelves 17-32, Yellow Books 07/03/2025   VEN 759.9492 ND653.G7 V46 FISTK05622 07/03/2025 1 07/03/2025 Books